The tabernacle in the wilderness. (Record no. 2514)

000 -LEADER
fixed length control field 00545nam a2200181 a 4500
001 - CONTROL NUMBER
control field :::00000239$&:&@@
003 - CONTROL NUMBER IDENTIFIER
control field OkBaRHE
005 - DATE AND TIME OF LATEST TRANSACTION
control field 20000607103237.0
008 - FIXED-LENGTH DATA ELEMENTS--GENERAL INFORMATION
fixed length control field s1956 j 000 0 eng u
040 ## - CATALOGING SOURCE
Transcribing agency
100 1# - MAIN ENTRY--PERSONAL NAME
Personal name Hanke, Howard A.
245 14 - TITLE STATEMENT
Title The tabernacle in the wilderness.
260 ## - PUBLICATION, DISTRIBUTION, ETC. (IMPRINT)
Place of publication, distribution, etc Grand Rapids, MI., :
Name of publisher, distributor, etc Wm. B. Eerdmans Publishing, Co.
Date of publication, distribution, etc c1956
300 ## - PHYSICAL DESCRIPTION
Extent 37 p. ;
Dimensions 21 cm.
650 ## - SUBJECT ADDED ENTRY--TOPICAL TERM
Topical term or geographic name as entry element Tabernacle
942 ## - ADDED ENTRY ELEMENTS (KOHA)
Source of classification or shelving scheme
Koha item type Books
Copies
Koha item type Price effective from Lost status Shelving location Withdrawn status Source of classification or shelving scheme Damaged status Full call number Copy number Date last seen Permanent Location Date acquired Barcode Not for loan
Books2010-04-14 General Stacks   BM 654 .H312010-04-14RHEMA Bible Training College2010-04-14239